书目信息 |
| 题名: |
诗词中的中国史
|
|
| 作者: | 高宏存 主编 | |
| 分册: | ||
| 出版信息: | 北京 东方出版社 2021 |
|
| 页数: | 224页 | |
| 开本: | 24cm | |
| 丛书名: | ||
| 单 册: | ||
| 中图分类: | I207.227.2 , K209 | |
| 科图分类: | ||
| 主题词: | 古典诗歌--gu dian shi ge--诗歌欣赏--中国 , 中国历史--zhong guo li shi--通俗读物 | |
| 电子资源: | ||
| ISBN: | 978-7-5207-1076-3 | |
| 000 | 00797nam0 2200241 450 | |
| 001 | 2135601946 | |
| 005 | 20211114095325.51 | |
| 010 | @a978-7-5207-1076-3@dCNY58.00 | |
| 100 | @a20210114d2021 em y0chiy50 ea | |
| 101 | 0 | @achi |
| 102 | @aCN@b110000 | |
| 105 | @aa z 000yy | |
| 200 | 1 | @a诗词中的中国史@Ashi ci zhong de zhong guo shi@f高宏存主编 |
| 210 | @a北京@c东方出版社@d2021 | |
| 215 | @a224页@c图 (部分彩图)@d24cm | |
| 330 | @a本书从修身笃行、清廉自守、知恩图报、精忠报国等十二个方面带领读者品读历代名诗词及其背后的故事。 | |
| 606 | 0 | @a古典诗歌@Agu dian shi ge@x诗歌欣赏@y中国 |
| 606 | 0 | @a中国历史@Azhong guo li shi@j通俗读物 |
| 690 | @aI207.227.2@v5 | |
| 690 | @aK209@v5 | |
| 701 | 0 | @a高宏存@Agao hong cun@4主编 |
| 801 | 0 | @aCN@bBP@c20210114 |
| 905 | @aZUCC@dI207.227.2@e12 | |
| 诗词中的中国史/高宏存主编.-北京:东方出版社,2021 |
| 224页:图 (部分彩图);24cm |
| ISBN 978-7-5207-1076-3:CNY58.00 |
| 本书从修身笃行、清廉自守、知恩图报、精忠报国等十二个方面带领读者品读历代名诗词及其背后的故事。 |
| ● |
| 相关链接 |
|
|
|
正题名:诗词中的中国史
索取号:I207.227.2/12
 
预约/预借
| 序号 | 登录号 | 条形码 | 馆藏地/架位号 | 状态 | 备注 |
| 1 | 2000885965 | 2000885965 | 第一书库/ [索取号:I207.227.2/12] | 在馆 | |
| 2 | 2000885966 | 2000885966 | 第一书库/ [索取号:I207.227.2/12] | 在馆 | |
| 3 | 2000885967 | 2000885967 | 第一书库/ [索取号:I207.227.2/12] | 在馆 |